La Comunicación Educativa /

Serie de textos que reflexionan sobre las distintas posturas y conceptualizaciones de lo que se llama la comunicación educativa.

Kaydedildi:
Detaylı Bibliyografya
Yazar: Ojeda, Gerardo (coord.)
Materyal Türü: Kitap
Dil:İspanyolca
Baskı/Yayın Bilgisi: México : Consejo del Sistema Nacional de Educación Tecnológica : Secretaría de Educación Pública, 1985
Seri Bilgileri:(Comunicación. Educación y Tecnología)
Konular:
Etiketler: Etiketle
Etiket eklenmemiş, İlk siz ekleyin!

MARC

LEADER 00000nam^a2200000^a^4500
001 000026138
005 20250521000000.0
009 20260310084717.843
020 |a 968-29-0665-2 
037 |a Acervo ITESO - Biblioteca 
041 |a ESP 
082 |a 370. 13  |b OJE 
100 |a Ojeda, Gerardo  |e (coord.) 
245 1 3 |a La Comunicación Educativa /  |c G. Ojeda (coord.). 
264 1 |a México :  |b Consejo del Sistema Nacional de Educación Tecnológica :  |b Secretaría de Educación Pública,  |c 1985 
300 |a 112 p. 
336 |a texto  |b txt  |2 rdacontenido 
337 |a sin mediación  |b n  |2 rdamedio 
338 |a volumen  |b nc  |2 rdasoporte 
440 1 |a (Comunicación.  |p Educación y Tecnología) 
520 |a Serie de textos que reflexionan sobre las distintas posturas y conceptualizaciones de lo que se llama la comunicación educativa. 
649 |a XX 
650 |a Comunicación Educativa 
650 |a Proceso Educativo 
650 |a Educación 
910 |a Fondo General 
920 |a Impresos - Libros 
930 |a Colección General 
905 |a 101 
901 |a 0261380100  |b IT1  |c ACC  |i 026138  |u 20250521 
902 |a https://opac.biblio.iteso.mx/vufind/Record/000026138